000 00756nam a2200253 a 4500
001 BRCA_8059
005 20190320210120.0
008 310314s1966----gw-a###f##---#001-0#ger-#
041 _ager
044 _agw
050 4 _aNK4103
_b.K47 1966
245 1 0 _aKeramos
_b31/66
_callgemeine vorsitzender Ernst Schneider.
260 _aAlemania
_bGKF
_c1966
300 _a69 p.
_bil. (algunas a color)
_c31 cm.
440 0 _aKeramos
_n31
_920024
500 _aRevista inventariada como libro por el Banco de México
500 _aRevista no. 31. Enero de 1966
500 _aY65
650 1 4 _aPorcelana china
_vCatálogos
_915248
650 1 4 _aCerámica y porcelana
_vCatálogos
_920025
700 1 _aSchneider, Ernst
_920026
902 _aGFM
942 _2lcc
_cB
999 _c7727
_d7727